Domine su lenguaje (Registro nro. 13966)

Detalles MARC
000 -CABECERA
Longitud fija campo de control 01125nam a2200241 a 4500
003 - • IDENTIFICADOR DELl NÚMERO DE CONTROL
Identificador del número de control CO-ViMGA
008 - • CÓDIGOS DE INFORMACIÓN DE LONGITUD FIJA
Códigos de información de longitud fija 141112s2004 ck r 000 u spa d
040 ## - FUENTE DE LA CATALOGACIÓN
Centro catalogador de origen CO-ViMGA
Lengua de catalogación spa
Centro transcriptor CO-ViMGA
082 04 - • NÚMERO DE LA CLASIFICACIÓN DECIMAL DEWEY
Número de clasificación (R) R460 D654
245 10 - • TITULO PROPIAMENTE DICHO
Título Domine su lenguaje
300 ## - • DESCRIPCIÓN FÍSICA
Extensión 7 v
500 ## - • NOTA GENERAL
Nota general Solicitar el ejemplar de la tabla de contenido.
505 ## - • NOTA DE CONTENIDO CON FORMATO
Nota de contenido con formato VOL.(1)y (2), Cómo aumentar su vocabulario/Gastón Fernández de la Torriente, Gladys Neggers VOL.(3), Cómo leer estudiar y memorizar rápidamente/W.J Mayo VOL.(4), Cómo dominar la ortografia/Jose Escarpante VOL.(5), Cómo escribir correctamente/Gastón Fernández de la Torriente VOL.(6), Cómo hablar correctamente en público/Gastón Fernández de la Torriente VOL.(7), Cómo dominar la grámatica/Jose Escarpanter
590 ## - NOTAS LOCALES
Nota local Datos de inventario : 05209, 05210, 05211, 05212, 05213, 05214, 05215
650 14 - • PUNTO DE ACCESO ADICIONAL DE MATERIA - TÉRMINO DE MATERIA
Término de materia o nombre geográfico como elemento inicial ESPAÑOL - GRAMATICA
650 14 - • PUNTO DE ACCESO ADICIONAL DE MATERIA - TÉRMINO DE MATERIA
Término de materia o nombre geográfico como elemento inicial ESPAÑOL - SEMANTICA
650 14 - • PUNTO DE ACCESO ADICIONAL DE MATERIA - TÉRMINO DE MATERIA
Término de materia o nombre geográfico como elemento inicial METODOS DE ESTUDIO
650 14 - • PUNTO DE ACCESO ADICIONAL DE MATERIA - TÉRMINO DE MATERIA
Término de materia o nombre geográfico como elemento inicial ORATORIA
650 14 - • PUNTO DE ACCESO ADICIONAL DE MATERIA - TÉRMINO DE MATERIA
Término de materia o nombre geográfico como elemento inicial ORTOGRAFIA
942 ## - ENTRADA DE ELEMENTOS AGREGADOS (KOHA)
Fuente de clasificaión o esquema Dewey Decimal Classification
Koha [por defecto] tipo de item LIbro
Existencias
Perdido Fuente de clasificación o esquema Estado Físico No para préstamo Forma de adquisición Localización permanente Localización actual Localización en estanterías Fecha adquisición Préstamos totales Signatura completa Código de barras Fecha última consulta Número de copia Fecha del precio de reemplazo Tipo de item de Koha
  Dewey Decimal Classification     Colección General Biblioteca Pública Restrepo Biblioteca Pública Restrepo General 07/24/2025   R460 D654 RES00710 07/24/2025 Ej.1 07/24/2025 LIbro
  Dewey Decimal Classification     Sala General Segundo Piso Biblioteca Pública Germán Arciniegas - Villavicencio Biblioteca Pública Germán Arciniegas - Villavicencio General 02/18/2019   R460 D654 01807 02/18/2026 Ej.1 02/18/2026 LIbro
  Dewey Decimal Classification     Sala General Segundo Piso Biblioteca Pública Germán Arciniegas - Villavicencio Biblioteca Pública Germán Arciniegas - Villavicencio General 02/18/2019   R460 D654 1807 -2 02/18/2026 Ej.1 02/18/2026 LIbro
  Dewey Decimal Classification     Sala General Segundo Piso Biblioteca Pública Germán Arciniegas - Villavicencio Biblioteca Pública Germán Arciniegas - Villavicencio General 02/18/2019   R460 D654 1807-3 02/18/2026 Ej.1 02/18/2026 LIbro
  Dewey Decimal Classification     Sala General Segundo Piso Biblioteca Pública Germán Arciniegas - Villavicencio Biblioteca Pública Germán Arciniegas - Villavicencio General 02/18/2019   R460 D654 1807-4 02/18/2026 Ej.1 02/18/2026 LIbro
  Dewey Decimal Classification     Sala General Segundo Piso Biblioteca Pública Germán Arciniegas - Villavicencio Biblioteca Pública Germán Arciniegas - Villavicencio General 02/18/2019   R460 D654 1807-5 02/18/2026 Ej.1 02/18/2026 LIbro
  Dewey Decimal Classification     Sala General Segundo Piso Biblioteca Pública Germán Arciniegas - Villavicencio Biblioteca Pública Germán Arciniegas - Villavicencio General 02/18/2019   R460 D654 1807-6 02/18/2026 Ej.1 02/18/2026 LIbro









Instituto Departamental de Cultura del Meta - Red Departamental de Bibliotecas Públicas del Meta.